000 00640nam a2200241Ia 4500
003 OSt
005 20221007075610.0
006 a|||||r|||| 00| 0
007 ta
008 221006b |||||||| |||| 00| 0 eng d
024 _a13,184
037 _cTextual
040 _aFLL
_cFLL
_beng
041 _2eng
_aeng
082 _aQoaZ2, P5
100 _aBaird Robert D.
245 0 _aReligion and law in independent India
250 _a2nd
260 _aNew Delhi
_bManohar Publishers & Distributors India
_c2005
300 _axi,518p
_ccm.
942 _hQoaZ2, P5
_cTEXL
_2CC
999 _c1156685
_d1156685